|
|
|
|
| LEADER |
00000nam a2200000 a 4500 |
| 001 |
vtls001368094 |
| 003 |
SK-MaSNL |
| 005 |
20260301201235.0 |
| 008 |
210928s1980 DE 0 ger |
| 035 |
|
|
|a SNK000321792
|
| 040 |
|
|
|a SNK
|b slo
|c SNK
|e AACR2
|
| 041 |
0 |
|
|a ger
|
| 044 |
|
|
|a DE
|
| 080 |
|
|
|a 940.1(03)=30
|2 1981
|
| 080 |
|
|
|a 03:940.1=30
|2 1981
|
| 245 |
1 |
|
|a Lexikon des Mittelalters
|n [Bd.] 1
|p Aachen bis Bettelordenskirchen
|
| 260 |
|
|
|a München
|b Artemis Verl.
|c 1980
|
| 300 |
|
|
|a 63, 2108, [1] Stĺp.
|c 4°
|
| 650 |
0 |
7 |
|a stredovek
|2 SNKPH
|9 4259
|
| 958 |
|
|
|a RK
|
| 958 |
|
|
|a OND
|
| 999 |
|
|
|c 893913
|d 895843
|
| 952 |
|
|
|t P60, <04>, [BOOK], {604}
|a SNK
|b SNK
|y VYP
|7 0
|p 17A0445913
|o snkIB 58984/1
|i snkZK 3221/87
|0 0
|1 0
|4 0
|d 1999-07-15
|l 0
|r 2005-01-02 00:00:00
|w 2026-02-24
|